| 000 | 00829nam a2200241Ia 4500 | ||
|---|---|---|---|
| 001 | 17563 | ||
| 003 | GE_BSU | ||
| 008 | 181216s||||||||xx |||||||||||||| ||und|| | ||
| 040 | _cGE_BSU | ||
| 080 | _a821.353.1 + 821.161.1-32 | ||
| 100 | _aჩეხოვი, ა.პ. | ||
| 245 | _aთხზულებანი სამ ტომად:ტომი II:მოთხრობები, 1886-1891 | ||
| 245 | _bმოთხრობები | ||
| 245 | _cრედ.:გ.ციცქიშვილი;მხატვ.:ჯ.ლოლუა | ||
| 260 | _aთბილისი | ||
| 260 | _bსაბჭ.საქართველო | ||
| 260 | _c1961 | ||
| 300 | _a374გვ.;21სმ. | ||
| 300 | _e6ფ.ილ. | ||
| 653 | _aთხზულებანი | ||
| 653 | _aმოთხრობები | ||
| 942 | _cBK | ||
| 999 |
_c50613 _d50613 |
||